| 000 | 00826cab a2200229 4500 | ||
|---|---|---|---|
| 001 | WB3115-44 | ||
| 008 | 090401t1995 xxu||||| |||| 00| 0 eng d | ||
| 035 | _a(Sirsi) u52035 | ||
| 041 | _aeng | ||
| 245 | _aCover bonus for surveyors | ||
| 260 | _c1995 | ||
| 350 | _a0 | ||
| 490 |
_aProperty Week _v51(2) 13 April 1995, 16(1) |
||
| 520 | _aIndependent residential surveyors will be offered professional indemnity insurance cover of up to £1m if they join a new network launched by the Independent Surveyors` Association. | ||
| 650 | _aINDEPENDENT SURVEYORS NETWORK | ||
| 650 | _aINDEPENTENT SURVEYORS ASSOCIATION | ||
| 650 | _aPROFESSIONAL INDEMNITY INSURANCE | ||
| 650 | _aPROFESSIONAL INDEMNITY INSURANCE | ||
| 690 | _aMANAGEMENT-BUSINESS MANAGEMENT-PROFESSIONAL PRACTICE | ||
| 942 | _n0 | ||
| 948 | _c04/03/1997 | ||
| 999 |
_c32279 _d32279 |
||